Entry Nombre personal
001 - NÚMERO DE CONTROL
- campo de control: 78547
003 - IDENTIFICADOR DE NÚMERO DE CONTROL
- campo de control: SpMaBN
005 - FECHA Y HORA DE LA ÚLTIMA TRANSACCIÓN
- campo de control: 20231226161526.0
008 - ELEMENTOS DE DATO DE LONGITUD-FIJA
- campo de control de longitud fija: 890215nn azznnaabn a aaa
016 ## - NÚMERO DE CONTROL DE UNA AGENCIA BIBLIOGRÁFICA NACIONAL
- Número de control del registro: BNE20010297985
024 7# - IDENTIFICADOR DE OTROS ESTÁNDARES
- Número estándar o código: http://www.wikidata.org/entity/Q3323160
- Fuente: wikidata
024 7# - IDENTIFICADOR DE OTROS ESTÁNDARES
- Número estándar o código: http://viaf.org/viaf/100920001/
- Fuente: viaf
040 ## - FUENTE DE CATALOGACIÓN
- Centro catalogador/agencia de origen: SpMaBN
- Lengua de catalogación: spa
- Centro/agencia transcriptor: SpMaBN
- Normas de descripción: rdc
- Convención/Normas de encabezamiento de materia/tesauro: embne
042 ## - CÓDIGO DE AUTENTICACIÓN
- Código de autenticación: NORM20090918
046 ## - FECHAS CON CODIFICACIÓN ESPECIAL
- Fecha de nacimiento: 1830
- Fecha de la muerte: 1893
100 1# - ENCABEZAMIENTO-NOMBRE DE PERSONA
- Nombre de persona: Martos, Cristino,
- Fechas asociadas al nombre: 1830-1893
370 ## - LUGAR ASOCIADO
- Lugar de nacimiento: Granada
- Número de control del registro de autoridad o número normalizado: XX450834
- Fuente de información: Wikidata
373 ## - GRUPO ASOCIADO
- Grupo asociado: Ateneo de Madrid
- Grupo asociado: Real Academia de Jurisprudencia y Legislación
- Fuente de información: Wikidata
373 ## - GRUPO ASOCIADO
- Grupo asociado: Ateneo de Madrid
- Fuente de información: Galería de Retratos (2018)
374 ## - OCUPACIÓN
- Ocupación: Periodistas
- Ocupación: Politicos
- Ocupación: Diplomáticos
- Fuente de información: Wikidata
375 ## - GÉNERO/SEXO
- Género: Masculino
- Fuente de información: Wikidata
377 ## - IDIOMA ASOCIADO
- Término de lengua/lenguaje: Español
400 1# - TRAZADO DE VÉASE--NOMBRE DE PERSONA
- Nombre de persona: Martos Balbi, Cristino,
- Fechas asociadas al nombre: 1830-1893
400 1# - TRAZADO DE VÉASE--NOMBRE DE PERSONA
- Nombre de persona: Martos y Balbi, Cristino,
- Fechas asociadas al nombre: 1830-1893
670 ## - FUENTE DE DATOS ENCONTRADOS
- Cita de la fuente: Discurso leído por D. Cristino Martos, 1888
670 ## - FUENTE DE DATOS ENCONTRADOS
- Cita de la fuente: Iconografía Hispana
- Información encontrada: nº 5637 (Martos y Balbi, Cristino; político y jurisconsulto; n. 1830, m. 1893)
670 ## - FUENTE DE DATOS ENCONTRADOS
- Cita de la fuente: Cristino Martos Balbí, 2009
- Información encontrada: p. 2 (n. 1830, Granada, m. 1893, Madrid; ministro)
678 ## - DATOS BIOGRÁFICOS O HISTÓRICOS
- Datos biográficos o históricos: Socio del Ateneo de Madrid
- Ampliación de la nota: Fuente: Galería de Retratos (2018)
